Structure and patterns of religions (Record no. 58400)
| 000 -LEADER | |
|---|---|
| fixed length control field | 00555nam a2200193Ia 4500 |
| 003 - CONTROL NUMBER IDENTIFIER | |
| control field | LDD |
| 008 - FIXED-LENGTH DATA ELEMENTS--GENERAL INFORMATION | |
| fixed length control field | 181029s9999 xx 000 0 und d |
| 020 ## - INTERNATIONAL STANDARD BOOK NUMBER | |
| International Standard Book Number | 0 8426 0958 x |
| Terms of availability | 225.00 |
| 040 ## - CATALOGING SOURCE | |
| Transcribing agency | LDD |
| 100 ## - MAIN ENTRY--PERSONAL NAME | |
| Personal name | Mensching,Gustav |
| 245 #0 - TITLE STATEMENT | |
| Title | Structure and patterns of religions |
| Statement of responsibility, etc. | Gustav Mensching |
| 260 ## - PUBLICATION, DISTRIBUTION, ETC. | |
| Place of publication, distribution, etc. | Delhi |
| Name of publisher, distributor, etc. | Motilal Banarsidass |
| Date of publication, distribution, etc. | 1976 |
| 300 ## - PHYSICAL DESCRIPTION | |
| Extent | viii,366 |
| 365 ## - TRADE PRICE | |
| Price amount | 225.00 |
| 901 ## - LOCAL DATA ELEMENT A, LDA (RLIN) | |
| a | 1146 |
| b | 04-12-1997 |
| 902 ## - LOCAL DATA ELEMENT B, LDB (RLIN) | |
| a | 1805 |
| b | 03-02-1998 |
| c | F |
| d | PIBD |
| e | 95 |
| 903 ## - LOCAL DATA ELEMENT C, LDC (RLIN) | |
| a | Discount-10 |
| b | Reqst by : Abha Singh |
| 942 ## - ADDED ENTRY ELEMENTS (KOHA) | |
| Source of classification or shelving scheme | Dewey Decimal Classification |
| Koha item type | Books |
| Withdrawn status | Lost status | Source of classification or shelving scheme | Damaged status | Not for loan | Home library | Current library | Total Checkouts | Full call number | Barcode | Date last seen | Price effective from | Koha item type |
|---|---|---|---|---|---|---|---|---|---|---|---|---|
| No | Dewey Decimal Classification | Library and Documentation Division | Library and Documentation Division | 291 M528S | 041722 | 11/01/2018 | 11/01/2018 | Books |
